| 000 | 00900nam a2200205 i 4500 | ||
|---|---|---|---|
| 001 | 31997 | ||
| 003 | ES-MaACL | ||
| 005 | 20250728063121.0 | ||
| 007 | t| | ||
| 008 | 030207s1877 fr ||||1| fre d | ||
| 100 | 1 |
_aFilhol, Henri, _d1843-1902 _950835 |
|
| 245 | 1 | 0 |
_aRecherches sur les phosphorites du Quercy _b: étude des fossiles qu'on y rencontre et spécialement des mammifères. _n, . Seconde partie / _cpar M. H. Filhol. |
| 260 |
_aParis : _bG. Masson, _c1877. |
||
| 300 |
_a337 p., 28 lám. ; _c24 cm. |
||
| 490 | 1 |
_aBibliothèque de l'Ecole des Hautes Etudes. Section des sciences naturelles ; _vt. XVI, article 1 |
|
| 650 | 4 |
_aFósiles- _zFrancia. _9136153 |
|
| 830 | 0 | 0 |
_aBibliothèque de l'École des Hautes Études. Section des sciences naturelles _vt. XVI, article 1 _9181413 |
| 852 |
_aES-MaACL _jG-11019(1) _q. - Encuadernado con otra obra |
||
| 999 |
_c31997 _d31997 |
||